000 00695nam a2200253Ia 4500
001 26698
005 20240114000935.0
007 ta
008 060515s1936 a g b000 u 491 u
020 _cHB
040 _aCotton College,Assam
041 _a491
082 _a114.18
_bAb 47 T
100 _aJayaratha, Rajanaka .
245 0 _aThe Tantraloka of Abhinava Gupta /
_cRajanaka Jayaratha.
_hTextual Documents
250 _a1st ed. /
260 _aJammu & Kashmir :
_bThe Research Department Jammu & Kashmir ,
_c1936.
300 _a172p. :
_bill ;
_c22cm .
653 _aPhilosophy
653 _aG-Philosophy
942 _2ddc
_cBK
999 _c26680
_d26680